000 00812cam a2200205 4500
001 ##D16249
008 090401t1968 xxu||||| |||| 00| 0 eng d
035 _a(Sirsi) u28212
041 0 _aeng
050 0 4 _a333.0062 $2 18
090 _a1968/48ABCDE
110 2 _aRoyal Institution of Chartered Surveyors
_94900
245 0 0 _aStatement by the Councils of Royal Institution of Chartered Surveyors, Chartered Land Agents' Society, and Chartered Auctioneers' and Estate Agents' Institute, on the suggested unification of the Three Chartered Societies; January 1968
260 _aLondon
_bRICS
_c1968
300 _a12p.
_c21cm.
520 _aFiled in box 1968/48 ABC
690 _aABOUT RICS-RICS STRUCTURE AND GOVERNANCE-RICS CORPORATE MANAGEMENT-RICS STRATEGIC ALLIANCES
942 _n0
948 _c04/03/1997
999 _c89219
_d89219